000 00333nam a2200133Ia 4500
008 240624s9999 xx 000 0 und d
041 _aeng
082 _a332.63 GUJ
100 _aGUJRAL ASHWANI
245 _aHOW TO MAKE MONEY WITH CHARTS
260 _c2012
_aNew Delhi
_bVision Books
300 _a320 : p. : cm. ; 20
365 _cRS
999 _c22595
_d22595